000 00490nam a2200181 i 4500
001 35563
003 ES-MaACL
005 20250804063354.0
007 t|
008 030213s1967 sp ||||1| spa d
100 1 _aBosch, Andrés,
_d1926-1984
_9160182
245 1 0 _aRitos profanos /
_cAndrés Bosch.
250 _a1ª ed.
260 _aBarcelona :
_bDima,
_c1967.
300 _a168 p. :
_b4 lám. ;
_c22 cm.
852 _aES-MaACL
_jC-32591
_bR.62456
999 _c35563
_d35563